000 00350nam a2200157Ia 4500
003 RNL
008 090707b ii f a fnsan d
040 _aRCL
100 _aMalkiyat Singh
_929191
245 _aMadhkaal di punjabi vartak
260 _aAmritsar
260 _bWaris Shah Foundation
260 _c2004
300 _a112p.
942 _cBK
999 _c20665
_d20665